| 000 | 00915cam a22002535a 4500 | ||
|---|---|---|---|
| 001 | 18011263 | ||
| 005 | 20160509113336.0 | ||
| 008 | 140116s2014 nyua frb f001 0 eng d | ||
| 020 | _a9781107691209 (pbk. : alk. paper) | ||
| 040 |
_aIEN/DLC _beng _cIEN _dDLC _dEG-ScBUE |
||
| 043 | _af------ | ||
| 082 | 0 | 4 |
_a338.96009 _222 _bAFR |
| 245 | 0 | 0 |
_aAfrica's development in historical perspective / _cedited by Emmanuel Akyeampong ... [et al.] |
| 260 |
_aNew York : _bCambridge University Press, _c2014. |
||
| 300 |
_axiii, 526 p. : _bill. ; _c24 cm. |
||
| 500 | _aIndex : p. 513-526. | ||
| 504 | _aIncludes bibliographical references. | ||
| 650 | 0 |
_aEconomic development _zAfrica _xHistory. _2BUEsh |
|
| 651 | 0 |
_aAfrica _xEconomic conditions _xHistory. _2BUEsh |
|
| 651 | 7 |
_aAfrica _xPolitics and government. _2BUEsh _914397 |
|
| 653 |
_bBUSBOL _cMay2016 |
||
| 700 | 1 |
_aAkyeampong, Emmanuel Kwaku, _eeditor. |
|
| 942 | _2ddc | ||
| 999 |
_c21711 _d21683 |
||